Decreto Ley N§ 830: Código tributario y ley orgánica del Servicio de Impuestos Internos. Texto actualizado y comentado para estudiantes y especialistas
Bewaard in:
| Hoofdauteur: | |
|---|---|
| Formaat: | Boek |
| Taal: | Spaans |
| Gepubliceerd in: |
Santiago
Jurídica Manuel Montt
2004
|
| Onderwerpen: | |
| Tags: |
Voeg label toe
Geen labels, Wees de eerste die dit record labelt!
|
MARC
| LEADER | 00000nam a2200000 a 4500 | ||
|---|---|---|---|
| 001 | UCL8909 | ||
| 003 | CL-VaPUC | ||
| 008 | 040709e20040000CL |||||||||||||||||spa|d | ||
| 020 | |a 9562801934 | ||
| 082 | 0 | 4 | |a 343.8304 |b GON |2 21 |
| 100 | |a González Moya, Carlos A |e author |9 601486 | ||
| 245 | 1 | 0 | |a Decreto Ley N§ 830: Código tributario y ley orgánica del Servicio de Impuestos Internos. Texto actualizado y comentado para estudiantes y especialistas |
| 300 | |a 270 p | ||
| 942 | |c BK | ||
| 945 | |d 20040709 00:00:00 |a cmena | ||
| 260 | |a Santiago |b Jurídica Manuel Montt |c 2004 | ||
| 600 | 0 | 7 | |a SERVICIO DE IMPUESTOS INTERNOS |2 CL-VaPUC |9 345847 |
| 650 | 0 | |a Derecho tributario chileno |9 485061 | |
| 650 | 0 | |a Impuestos |9 255450 | |
| 650 | 0 | |a Obligaciones |9 255578 | |
| 650 | 0 | |a Delitos |9 224143 | |
| 583 | |a last modification |c 20040709 00:00:00 |k Rodrigo Vera | ||
| 999 | |c 309976 |d 309974 | ||
| 952 | |0 0 |1 0 |4 0 |6 343_830400000000000_GON_2004 |7 0 |8 P |9 377882 |a BIBGIM |b BIBGIM |d 2019-11-21 |i 4036069 |o 343.8304 GON 2004 |p 4036069 |r 2025-01-15 |w 2019-11-21 |y BK |k COM | ||
| 952 | |0 0 |1 0 |4 0 |6 343_830400000000000_GON_2004 |7 0 |8 P |9 377883 |a BIBGIM |b BIBGIM |d 2019-11-21 |i 4036050 |o 343.8304 GON 2004 |p 4036050 |r 2025-01-15 |w 2019-11-21 |y BK |k COM | ||
| 952 | |0 0 |1 0 |4 0 |6 343_830400000000000_GON_2004 |7 0 |8 P |9 377884 |a BIBGIM |b BIBGIM |d 2019-11-21 |i 4035976 |o 343.8304 GON 2004 |p 4035976 |r 2025-01-15 |w 2019-11-21 |y BK |k COM | ||
| 952 | |0 0 |1 0 |4 0 |6 343_830400000000000_GON_2004 |7 0 |8 P |9 377885 |a BIBGIM |b BIBGIM |d 2019-11-21 |i 4035992 |o 343.8304 GON 2004 |p 4035992 |r 2025-01-15 |w 2019-11-21 |y BK |k COM | ||
| 952 | |0 0 |1 0 |4 0 |6 343_830400000000000_GON_2004 |7 0 |8 P |9 377886 |a BIBGIM |b BIBGIM |d 2019-11-21 |i 403600K |o 343.8304 GON 2004 |p 403600K |r 2025-01-15 |w 2019-11-21 |y BK |k COM | ||
| 952 | |0 0 |1 0 |4 0 |6 343_830400000000000_GON_2004 |7 0 |8 P |9 377887 |a BIBGIM |b BIBGIM |d 2019-11-21 |i 4036018 |o 343.8304 GON 2004 |p 4036018 |r 2025-01-15 |w 2019-11-21 |y BK |k COM | ||
| 952 | |0 0 |1 0 |4 0 |6 343_830400000000000_GON_2004 |7 0 |8 P |9 377888 |a BIBGIM |b BIBGIM |d 2019-11-21 |i 4036026 |o 343.8304 GON 2004 |p 4036026 |r 2025-01-15 |w 2019-11-21 |y BK |k COM | ||
| 952 | |0 0 |1 0 |4 0 |6 343_830400000000000_GON_2004 |7 0 |8 P |9 377889 |a BIBGIM |b BIBGIM |d 2019-11-21 |i 4036034 |o 343.8304 GON 2004 |p 4036034 |r 2025-01-15 |w 2019-11-21 |y BK |k COM | ||
| 952 | |0 0 |1 0 |4 0 |6 343_830400000000000_GON_2004 |7 0 |8 P |9 377890 |a BIBGIM |b BIBGIM |d 2019-11-21 |i 4036042 |o 343.8304 GON 2004 |p 4036042 |r 2025-01-15 |w 2019-11-21 |y BK |k COM | ||